The Asphalt Handbook/ (Record no. 1543)
[ view plain ]
| 000 -LEADER | |
|---|---|
| fixed length control field | 00261 a2200097 4500 |
| 082 ## - DEWEY DECIMAL CLASSIFICATION NUMBER | |
| Classification number | 625.85 ASP |
| 100 ## - MAIN ENTRY--PERSONAL NAME | |
| Personal name | Asphalt Institute |
| 245 ## - TITLE STATEMENT | |
| Title | The Asphalt Handbook/ |
| Statement of responsibility, etc. | Asphalt Institute |
| 260 ## - PUBLICATION, DISTRIBUTION, ETC. | |
| Place of publication, distribution, etc. | USA : |
| Name of publisher, distributor, etc. | Asphalt institute, |
| Date of publication, distribution, etc. | 1989 |
| 300 ## - PHYSICAL DESCRIPTION | |
| Extent | xxxi, 607p. : |
| Other physical details | ill. ; |
| Dimensions | 23 cm |
| 650 ## - SUBJECT ADDED ENTRY--TOPICAL TERM | |
| Topical term or geographic name entry element | Asphalt |
| Withdrawn status | Lost status | Damaged status | Not for loan | Permanent Location | Current Location | Shelving location | Date acquired | Total Checkouts | Full call number | Barcode | Checked out | Date last seen | Date last checked out | Price effective from | Koha item type |
|---|---|---|---|---|---|---|---|---|---|---|---|---|---|---|---|
| School of Civil and Environmental Engineering (SCEE) | School of Civil and Environmental Engineering (SCEE) | 1 | 625.85 ASP | NIT-2490 | 04/19/2024 | 03/20/2024 | 03/20/2024 | 01/05/2017 | Book |
